| 000 | 00531nam a2200181Ia 4500 | ||
|---|---|---|---|
| 005 | 20250923145029.0 | ||
| 008 | 008 250917s9999 xx 000 0 eng d | ||
| 037 | _aTextual | ||
| 040 |
_aDSWL _beng _cDSWL |
||
| 041 |
_aeng _2eng |
||
| 084 |
_a8, J8 _qDSWL |
||
| 100 |
_aRobichaud, B. _9831056 |
||
| 245 | 0 |
_aSelecting planning and managing office space _cby B. Robichaud |
|
| 260 |
_aNew York _b McGraw Hill Book Co. _c1958 |
||
| 300 | _axiv,202 p. | ||
| 942 |
_cTEXL _h8, J8 |
||
| 999 |
_c1446240 _d1446240 |
||